Tratado de dermatología: sifiliografía y enfermedades venéreas / (Record no. 69181)

MARC details
000 -LEADER
campo de control de longitud fija 00853nam a2200229 i 4500
001 - NÚMERO DE CONTROL
campo de control 69181
003 - IDENTIFICADOR DE NÚMERO DE CONTROL
campo de control ES-MaACL
005 - FECHA Y HORA DE LA ÚLTIMA TRANSACCIÓN
campo de control 20250806052100.0
007 - CAMPO FIJO DE DESCRIPCIÓN FÍSICA--INFORMACIÓN GENERAL
campo de control de longitud fija t|
008 - DATOS DE LONGITUD FIJA--INFORMACIÓN GENERAL
campo de control de longitud fija 040916s1901 sp ||||1| spa d
100 1# - ENTRADA PRINCIPAL--NOMBRE DE PERSONA
Nombre de persona Lesser, Edmund.
9 (RLIN) 71849
245 10 - MENCIÓN DEL TÍTULO
Título Tratado de dermatología: sifiliografía y enfermedades venéreas /
Mención de responsabilidad, etc. por... Edmundo Lesser ; traducido de la décima ediión alemana por... D. Gil Saltor y Lavall y D. José María Biada.
260 ## - PUBLICACIÓN, DISTRIBUCIÓN, ETC.
Lugar de publicación, distribución, etc. Barcelona :
Nombre del editor, distribuidor, etc. Salvat,
Fecha de publicación, distribución, etc. [190-?]
300 ## - DESCRIPCIÓN FÍSICA
Extensión 2 v. ;
Dimensiones 26 cm.
505 8# - NOTA DE CONTENIDO CON FORMATO
Nota de contenido con formato I. Dermatología -- II. Sifilografía y enfermedades venéreas
650 #7 - PUNTO DE ACCESO ADICIONAL DE MATERIA--TÉRMINO DE MATERIA
Término de materia o nombre geográfico como elemento de entrada Enfermedades de transmisión sexual
Fuente del encabezamiento o término embne
9 (RLIN) 12260
650 04 - PUNTO DE ACCESO ADICIONAL DE MATERIA--TÉRMINO DE MATERIA
Término de materia o nombre geográfico como elemento de entrada Dermatología.
9 (RLIN) 11784
700 1# - ENTRADA AGREGADA--NOMBRE PERSONAL
Nombre de persona Saltor y Lavall, Gil.
9 (RLIN) 102046
700 1# - ENTRADA AGREGADA--NOMBRE PERSONAL
Nombre de persona Biada, José María.
9 (RLIN) 28732
852 ## - LOCALIZACIÓN
Ubicación ES-MaACL
Número de control de estantería E-338-39
Holdings
Estatus retirado Estado de pérdida Estado de daño No para préstamo Colección Biblioteca de origen Biblioteca actual Ubicación en estantería Fecha de adquisición Fuente de adquisición Total de préstamos Signatura topográfica completa Código de barras Visto por última vez Precio de reemplazo Tipo de ítem Koha
        Libros del s. XIX Biblioteca del Ateneo de Madrid Biblioteca del Ateneo de Madrid Depósito 2 17/01/2008     E-338-39 1072440 23/02/2023 23/02/2023 Libro impreso antiguo